000 00547nam a2200205Ia 4500
005 20250923150120.0
008 008 250917s9999 xx 000 0 eng d
037 _aTextual
040 _aDSWL
_beng
_cDSWL
041 _aeng
_2eng
084 _qDSWL
100 _aRaama, P V
_9842408
245 0 _aWomen in slums : Study of women in muslim slums
_c by P V.L Raama
260 _aNew Delhi
_b Serials Publication India
_c2002
300 _a203p.
365 _aINR
_b525
925 _g525
942 _cTEXL
999 _c1459732
_d1459732